Accpae Plaustm Accounting. (Record no. 1188)
[ view plain ]
| 000 -LEADER | |
|---|---|
| fixed length control field | 00663nam a2200205Ia 4500 |
| 003 - CONTROL NUMBER IDENTIFIER | |
| control field | BUBTL |
| 008 - FIXED-LENGTH DATA ELEMENTS--GENERAL INFORMATION | |
| fixed length control field | 151213s9999 xx 000 0 und d |
| 082 ## - DEWEY DECIMAL CLASSIFICATION NUMBER | |
| Classification number | 657/DOA |
| 100 ## - MAIN ENTRY--PERSONAL NAME | |
| Personal name | For Dos - Orderly Entry Version 6.1 - Usen Guide . |
| 9 (RLIN) | 3547 |
| 245 ## - TITLE STATEMENT | |
| Title | Accpae Plaustm Accounting. |
| Statement of responsibility, etc. | For Dos - Orderly Entry Version 6.1 - Usen Guide . |
| 260 ## - PUBLICATION, DISTRIBUTION, ETC. (IMPRINT) | |
| Name of publisher, distributor, etc. | Accpac International |
| Date of publication, distribution, etc. | c1998 |
| 300 ## - PHYSICAL DESCRIPTION | |
| Extent | ill . ; 23cm. |
| 500 ## - GENERAL NOTE | |
| General note | Includes Index |
| 650 ## - SUBJECT ADDED ENTRY--TOPICAL TERM | |
| Topical term or geographic name as entry element | Accounting |
| 9 (RLIN) | 3548 |
| 650 ## - SUBJECT ADDED ENTRY--TOPICAL TERM | |
| Topical term or geographic name as entry element | Accounting |
| 9 (RLIN) | 3548 |
| 700 ## - ADDED ENTRY--PERSONAL NAME | |
| Personal name | For Dos - Orderly Entry Version 6.1 - Usen Guide . |
| 9 (RLIN) | 3547 |
| 856 ## - ELECTRONIC LOCATION AND ACCESS | |
| Password | 0 |
| Logon | 0 |
| Link text | Download |
| 942 ## - ADDED ENTRY ELEMENTS (KOHA) | |
| Source of classification or shelving scheme | |
| Koha item type | Books |
| Withdrawn status | Lost status | Source of classification or shelving scheme | Damaged status | Not for loan | Collection code | Permanent location | Current location | Shelving location | Date acquired | Inventory number | Total Checkouts | Full call number | Barcode | Date last seen | Copy number | Price effective from | Koha item type |
|---|---|---|---|---|---|---|---|---|---|---|---|---|---|---|---|---|---|
| Non-fiction | Bangladesh University of Business and Technology Library | Bangladesh University of Business and Technology Library | Accounting Stacks | 09/24/2020 | 1441 | 657/DOA | BUBTL-20031441 | 09/24/2020 | C-1 | 09/24/2020 | Books |
